00305nam a2200109Ia 4500008004000000082001600040100002100056245003400077260005400111300000800165650002200173210210b1995 xxu||||| |||| 00| 0 eng d a032.02 FRAP aFRANCIS (S R S). aPremier current affairs 1995. aNew Delhi.bCBS Publishers and Distributorsc1995 a747 aCurrent Affairs